Baťa, men and work
Salvato in:
| Natura: | Libro |
|---|---|
| Lingua: | inglese |
| Pubblicazione: |
Zlín
Publishing-department of the Baťa
1935
|
| Soggetti: | |
| Tags: |
Nessun Tag, puoi essere il primo ad aggiungerne!!
|
MARC
| LEADER | 00000nam a2200000 4500 | ||
|---|---|---|---|
| 001 | c123870 | ||
| 005 | 20240227101138.6 | ||
| 041 | 0 | |a eng | |
| 044 | |a CZ | ||
| 245 | 1 | 0 | |a Baťa, men and work |c [general editor: A. Cekota] |
| 264 | 1 | |a Zlín |b Publishing-department of the Baťa |c 1935 | |
| 300 | |a 160 s. | ||
| 610 | 2 | 0 | |a priemysel obuvnícky |
| 610 | 2 | 0 | |a obuv |
| 610 | 2 | 0 | |a Československo |